00315nam a22001217a 4500020001500000040000900015082001500024100002000039245003800059250001800097260004000115650003800155 a9814053848 cNUST a530.8bBEN aJohn P. Bentley aPrinciples of Measurement Systems aThird Edition aIndia:bLibrary of congress,c2000. 2Principles of Measurement Systems